Islands That Start with J - Statistics

General Stats
  • This quiz has been taken 30 times
  • The average score is 4 of 8
Answer Stats
Hint Island % Correct
Country in the Caribbean Jamaica
93%
Most populous island in Indonesia and the world Java
82%
Largest of the Channel Islands Jersey
75%
Island in the James River, Virginia, part of the first permanent English settlement in the Americas Jamestown
57%
Island in the Inner Hebrides; Scottish Gaelic Diùra, once home to George Orwell Jura
39%
Largest island of South Korea Jeju
36%
Norwegian island in the Arctic Ocean, between Greenland and Norway {Jan} {Mayen}
29%
German island in the North Sea, pronounced /jyːst/ Juist
14%
No matching quizzes found
Score Distribution
Percent of People with Each Score
Percentile by Number Answered
Your Score History
You have not taken this quiz